| 000 | 00529nam a2200169Ia 4500 | ||
|---|---|---|---|
| 008 | 090201s9999 xx 000 0 und d | ||
| 010 | _aKPL-23817 | ||
| 040 | _bमराठी | ||
| 041 | _aमराठी | ||
| 082 |
_a41118 _b23817 |
||
| 100 | _aप्रेमचंद वारके | ||
| 245 |
_aसुगंधा _cप्रेमचंद वारके |
||
| 260 |
_c2004 _bप्रेमचंद्र प्रकाशन |
||
| 300 |
_a99 _bमोठा |
||
| 600 | _aसुगंधा | ||
| 942 | _cBOOK | ||
| 999 |
_c238331 _d238331 |
||